<?xml version="1.0" encoding="UTF-8"?>
<record
    xmlns:xsi="http://www.w3.org/2001/XMLSchema-instance"
    xsi:schemaLocation="http://www.loc.gov/MARC21/slim http://www.loc.gov/standards/marcxml/schema/MARC21slim.xsd"
    xmlns="http://www.loc.gov/MARC21/slim">

  <leader>01141pam a2200361 i 4500</leader>
  <controlfield tag="001">vtls000884730</controlfield>
  <controlfield tag="003">PNM</controlfield>
  <controlfield tag="005">20200923073640.0</controlfield>
  <controlfield tag="008">190903s2020    my ao  g      000 0 may  </controlfield>
  <datafield tag="015" ind1=" " ind2=" ">
    <subfield code="a">M20-02188</subfield>
  </datafield>
  <datafield tag="020" ind1=" " ind2=" ">
    <subfield code="a">9789673564279</subfield>
    <subfield code="q">set</subfield>
  </datafield>
  <datafield tag="020" ind1=" " ind2=" ">
    <subfield code="a">9789673564286</subfield>
    <subfield code="q">paperback</subfield>
    <subfield code="c">RM 42.25</subfield>
  </datafield>
  <datafield tag="039" ind1=" " ind2="9">
    <subfield code="a">202006240901</subfield>
    <subfield code="b">sham</subfield>
    <subfield code="c">202003041502</subfield>
    <subfield code="d">haslinda_m</subfield>
    <subfield code="c">202002180854</subfield>
    <subfield code="d">ain</subfield>
    <subfield code="c">201909060927</subfield>
    <subfield code="d">zuraidah_s</subfield>
  </datafield>
  <datafield tag="040" ind1=" " ind2=" ">
    <subfield code="a">BNM</subfield>
    <subfield code="b">eng</subfield>
    <subfield code="c">BNM</subfield>
    <subfield code="e">rda</subfield>
    <subfield code="d">PPAK</subfield>
  </datafield>
  <datafield tag="049" ind1=" " ind2=" ">
    <subfield code="a">mal</subfield>
  </datafield>
  <datafield tag="082" ind1="0" ind2="4">
    <subfield code="a">551</subfield>
    <subfield code="2">23</subfield>
  </datafield>
  <datafield tag="090" ind1="0" ind2="0">
    <subfield code="a">551</subfield>
    <subfield code="b">OMI</subfield>
    <subfield code="d">K</subfield>
  </datafield>
  <datafield tag="100" ind1="0" ind2=" ">
    <subfield code="a">Omie ShaDylla Taib,</subfield>
    <subfield code="e">author.</subfield>
  </datafield>
  <datafield tag="245" ind1="1" ind2="0">
    <subfield code="a">Pendebungaan &amp; Kepelbagaian Kejadiannya /</subfield>
    <subfield code="c">Omie ShaDylla Taib</subfield>
  </datafield>
  <datafield tag="264" ind1=" " ind2="1">
    <subfield code="a">Seri Kembangan, Selangor :</subfield>
    <subfield code="b">CONTENT PLUS SDN. BHD.,</subfield>
    <subfield code="c">[2020?]</subfield>
  </datafield>
  <datafield tag="300" ind1=" " ind2=" ">
    <subfield code="a">ii, 38 pages :</subfield>
    <subfield code="b">illustrations, colour photographs ;</subfield>
    <subfield code="c">29 cm.</subfield>
  </datafield>
  <datafield tag="336" ind1=" " ind2=" ">
    <subfield code="a">text</subfield>
    <subfield code="2">rdacontent</subfield>
  </datafield>
  <datafield tag="337" ind1=" " ind2=" ">
    <subfield code="a">unmediated</subfield>
    <subfield code="2">rdamedia</subfield>
  </datafield>
  <datafield tag="338" ind1=" " ind2=" ">
    <subfield code="a">volume</subfield>
    <subfield code="2">rdacarrier</subfield>
  </datafield>
  <datafield tag="490" ind1="1" ind2=" ">
    <subfield code="a">Siri Ketakjuban Fenomena Alam</subfield>
  </datafield>
  <datafield tag="650" ind1="1" ind2="0">
    <subfield code="a">Geology</subfield>
  </datafield>
  <datafield tag="650" ind1="2" ind2="0">
    <subfield code="a">Pollination</subfield>
  </datafield>
  <datafield tag="830" ind1=" " ind2="0">
    <subfield code="a">Siri ketakjuban fenomena alam</subfield>
  </datafield>
  <datafield tag="942" ind1=" " ind2=" ">
    <subfield code="2">ddc</subfield>
    <subfield code="c">B</subfield>
  </datafield>
  <datafield tag="949" ind1=" " ind2=" ">
    <subfield code="6">2000700486</subfield>
  </datafield>
  <datafield tag="949" ind1=" " ind2=" ">
    <subfield code="6">2000700487</subfield>
  </datafield>
  <datafield tag="949" ind1=" " ind2=" ">
    <subfield code="6">2000700488</subfield>
  </datafield>
  <datafield tag="999" ind1=" " ind2=" ">
    <subfield code="c">179104</subfield>
    <subfield code="d">179104</subfield>
  </datafield>
  <datafield tag="952" ind1=" " ind2=" ">
    <subfield code="0">0</subfield>
    <subfield code="7">0</subfield>
    <subfield code="b">PPAK</subfield>
    <subfield code="c">K</subfield>
    <subfield code="d">2020-10-05</subfield>
    <subfield code="o">K 551 OMI</subfield>
    <subfield code="p">A01649141</subfield>
    <subfield code="r">2020-10-05 00:00:00</subfield>
    <subfield code="y">B</subfield>
  </datafield>
  <datafield tag="952" ind1=" " ind2=" ">
    <subfield code="0">0</subfield>
    <subfield code="7">0</subfield>
    <subfield code="b">SP</subfield>
    <subfield code="c">K</subfield>
    <subfield code="d">2020-10-05</subfield>
    <subfield code="o">K 551 OMI</subfield>
    <subfield code="p">A01649142</subfield>
    <subfield code="r">2020-10-05 00:00:00</subfield>
    <subfield code="y">B</subfield>
  </datafield>
  <datafield tag="952" ind1=" " ind2=" ">
    <subfield code="0">0</subfield>
    <subfield code="7">0</subfield>
    <subfield code="b">JT</subfield>
    <subfield code="c">K</subfield>
    <subfield code="d">2020-10-05</subfield>
    <subfield code="l">1</subfield>
    <subfield code="o">K 551 OMI</subfield>
    <subfield code="p">A01649143</subfield>
    <subfield code="r">2021-01-21 00:00:00</subfield>
    <subfield code="s">2020-12-23</subfield>
    <subfield code="y">B</subfield>
  </datafield>
  <datafield tag="952" ind1=" " ind2=" ">
    <subfield code="0">0</subfield>
    <subfield code="7">0</subfield>
    <subfield code="b">LW</subfield>
    <subfield code="c">K</subfield>
    <subfield code="d">2020-10-05</subfield>
    <subfield code="o">K 551 OMI</subfield>
    <subfield code="p">A01649144</subfield>
    <subfield code="r">2020-10-05 00:00:00</subfield>
    <subfield code="y">B</subfield>
  </datafield>
  <datafield tag="952" ind1=" " ind2=" ">
    <subfield code="0">0</subfield>
    <subfield code="7">0</subfield>
    <subfield code="b">KM</subfield>
    <subfield code="c">K</subfield>
    <subfield code="d">2020-10-05</subfield>
    <subfield code="o">K 551 OMI</subfield>
    <subfield code="p">A01649145</subfield>
    <subfield code="r">2020-10-05 00:00:00</subfield>
    <subfield code="y">B</subfield>
  </datafield>
  <datafield tag="952" ind1=" " ind2=" ">
    <subfield code="0">0</subfield>
    <subfield code="7">0</subfield>
    <subfield code="b">BL</subfield>
    <subfield code="c">K</subfield>
    <subfield code="d">2020-10-05</subfield>
    <subfield code="o">K 551 OMI</subfield>
    <subfield code="p">A01649146</subfield>
    <subfield code="r">2020-10-05 00:00:00</subfield>
    <subfield code="y">B</subfield>
  </datafield>
  <datafield tag="952" ind1=" " ind2=" ">
    <subfield code="0">0</subfield>
    <subfield code="7">0</subfield>
    <subfield code="b">BB</subfield>
    <subfield code="c">K</subfield>
    <subfield code="d">2020-10-05</subfield>
    <subfield code="o">K 551 OMI</subfield>
    <subfield code="p">A01649147</subfield>
    <subfield code="r">2020-10-05 00:00:00</subfield>
    <subfield code="y">B</subfield>
  </datafield>
  <datafield tag="952" ind1=" " ind2=" ">
    <subfield code="0">0</subfield>
    <subfield code="7">0</subfield>
    <subfield code="b">MR</subfield>
    <subfield code="c">K</subfield>
    <subfield code="d">2020-10-05</subfield>
    <subfield code="o">K 551 OMI</subfield>
    <subfield code="p">A01649148</subfield>
    <subfield code="r">2020-10-05 00:00:00</subfield>
    <subfield code="y">B</subfield>
  </datafield>
  <datafield tag="952" ind1=" " ind2=" ">
    <subfield code="0">0</subfield>
    <subfield code="7">0</subfield>
    <subfield code="b">YN</subfield>
    <subfield code="c">K</subfield>
    <subfield code="d">2020-10-05</subfield>
    <subfield code="o">K 551 OMI</subfield>
    <subfield code="p">A01649149</subfield>
    <subfield code="r">2020-10-05 00:00:00</subfield>
    <subfield code="y">B</subfield>
  </datafield>
  <datafield tag="952" ind1=" " ind2=" ">
    <subfield code="0">0</subfield>
    <subfield code="7">0</subfield>
    <subfield code="b">SK</subfield>
    <subfield code="c">K</subfield>
    <subfield code="d">2020-10-05</subfield>
    <subfield code="o">K 551 OMI</subfield>
    <subfield code="p">A01649150</subfield>
    <subfield code="r">2020-10-05 00:00:00</subfield>
    <subfield code="y">B</subfield>
  </datafield>
  <datafield tag="952" ind1=" " ind2=" ">
    <subfield code="0">0</subfield>
    <subfield code="7">0</subfield>
    <subfield code="b">KN</subfield>
    <subfield code="c">K</subfield>
    <subfield code="d">2020-10-05</subfield>
    <subfield code="o">K 551 OMI</subfield>
    <subfield code="p">A01649151</subfield>
    <subfield code="r">2020-10-05 00:00:00</subfield>
    <subfield code="y">B</subfield>
  </datafield>
  <datafield tag="952" ind1=" " ind2=" ">
    <subfield code="0">0</subfield>
    <subfield code="7">0</subfield>
    <subfield code="b">PG</subfield>
    <subfield code="c">K</subfield>
    <subfield code="d">2020-10-05</subfield>
    <subfield code="o">K 551 OMI</subfield>
    <subfield code="p">A01649152</subfield>
    <subfield code="r">2020-10-05 00:00:00</subfield>
    <subfield code="y">B</subfield>
  </datafield>
  <datafield tag="952" ind1=" " ind2=" ">
    <subfield code="0">0</subfield>
    <subfield code="7">0</subfield>
    <subfield code="b">B1</subfield>
    <subfield code="c">K</subfield>
    <subfield code="d">2020-10-05</subfield>
    <subfield code="o">K 551 OMI</subfield>
    <subfield code="p">A01649153</subfield>
    <subfield code="r">2020-10-05 00:00:00</subfield>
    <subfield code="y">B</subfield>
  </datafield>
  <datafield tag="952" ind1=" " ind2=" ">
    <subfield code="0">0</subfield>
    <subfield code="7">0</subfield>
    <subfield code="b">B3</subfield>
    <subfield code="c">K</subfield>
    <subfield code="d">2020-10-05</subfield>
    <subfield code="o">K 551 OMI</subfield>
    <subfield code="p">A01649154</subfield>
    <subfield code="r">2020-10-05 00:00:00</subfield>
    <subfield code="y">B</subfield>
  </datafield>
  <datafield tag="952" ind1=" " ind2=" ">
    <subfield code="0">0</subfield>
    <subfield code="7">0</subfield>
    <subfield code="b">B4</subfield>
    <subfield code="c">K</subfield>
    <subfield code="d">2020-10-05</subfield>
    <subfield code="o">K 551 OMI</subfield>
    <subfield code="p">A01649155</subfield>
    <subfield code="r">2020-10-05 00:00:00</subfield>
    <subfield code="y">B</subfield>
  </datafield>
  <datafield tag="952" ind1=" " ind2=" ">
    <subfield code="0">0</subfield>
    <subfield code="7">0</subfield>
    <subfield code="b">B5</subfield>
    <subfield code="c">K</subfield>
    <subfield code="d">2020-10-05</subfield>
    <subfield code="o">K 551 OMI</subfield>
    <subfield code="p">A01649156</subfield>
    <subfield code="r">2020-10-05 00:00:00</subfield>
    <subfield code="y">B</subfield>
  </datafield>
</record>
